Statistics for Iranian province centers from west to east

Click here to take the quiz!

General Stats

  • This quiz has been taken 13 times
  • The average score is 23 of 31

Answer Stats

Answer% Correct
Tabriz
100%
Ardebil
90%
Ilam
90%
Kermanshah
90%
Sanandaj
90%
Urmia
90%
Ahwaz
80%
Arak
80%
Hamedan
80%
Isfahan
80%
Mashhad
80%
Teheran
80%
Zanjan
80%
Bandarabbas
70%
Birjand
70%
Bojnurd
70%
Gorgan
70%
Karaj
70%
Kerman
70%
Khorramabad
70%
Qazvin
70%
Qom
70%
Rasht
70%
Semnan
70%
Yazd
70%
Zahedan
70%
Bushehr
60%
Sari
60%
Shiraz
60%
Shahrekord
50%
Yasuj
50%

Score Distribution

Percentile by Number Answered

Percent of People with Each Score

Your Score History

You have not taken this quiz